| 000 | 00000nam##2200000za#4500 |
| 001 | 9.615555 |
| 003 | CaOODSP |
| 005 | 20241008111406 |
| 007 | ta |
| 008 | 150406|2001||||xxc||||| f|0| 0 eng|d |
| 020 | |a0-662-29808-X |
| 040 | |aCaOODSP|beng |
| 043 | |an-cn--- |
| 086 | 1 |aEn40-222/13-2001E |
| 110 | 2 |aCanadian Wildlife Service. |
| 245 | 10|aBald eagle populations in the Great Lakes region : |bback from the brink |
| 260 | |aDownsview - Ontario : |bEnvironment Canada. |c2001. |
| 300 | |a11p. : |bcoloured illus., tables ; |c28 cm. |
| 490 | 1 |aGreat Lakes fact sheet |
| 563 | |aSoftcover |
| 590 | |a02-11|b2002-03-15 |
| 776 | 0#|tBald eagle populations in the Great Lakes region : |w(CaOODSP)9.558827 |
| 830 | #0|aGreat Lakes fact sheet.|w(CaOODSP)9.514572 |